LEADER 01199nas 2200421-a 450 001 996215687603316 005 20210111024957.5 011 $a2330-4979 035 $a(DE-599)ZDB2546728-1 035 $a(OCoLC)741992734 035 $a(CKB)991042743006962 035 $a(CONSER)--2013234424 035 $a(EXLCZ)99991042743006962 100 $a20110721b19721987 --- a 101 0 $aeng 135 $aurbn||||||abp 135 $aurbn||||||ada 181 $ctxt$2rdacontent 182 $cc$2rdamedia 183 $acr$2rdacarrier 200 04$aThe Agni review 210 $aYellow Spring, Ohio $cThe Agni Review$dİ1972-1987 300 $aImprint varies. 300 $aSome issues also have distinctive titles. 311 $a0191-3352 517 1 $aAgni magazine 531 $aAGNI REVIEW 606 $aAmerican literature$y20th century$vPeriodicals 606 $aAmerican literature$2fast$3(OCoLC)fst00807113 608 $aPeriodicals.$2fast 610 $aAmerican Literature 615 0$aAmerican literature 615 7$aAmerican literature. 676 $a810 906 $aJOURNAL 912 $a996215687603316 996 $aThe Agni review$92576581 997 $aUNISA LEADER 00799nam a2200241 i 4500 001 991001134659707536 005 20020507183908.0 008 931001s1951 it ||| | ita 035 $ab10805679-39ule_inst 035 $aLE01307600$9ExL 040 $aDip.to Matematica$beng 082 0 $a510 100 1 $aBurgatti, Pietro$0478140 245 10$aMemorie scelte /$cPietro Burgatti 260 $aBologna :$bZanichelli,$c1951 300 $a354 p. ;$c23 cm. 650 4$aCollected works 907 $a.b10805679$b21-09-06$c28-06-02 912 $a991001134659707536 945 $aLE013 01A75 BUR11 (1951)$g1$i2013000005614$lle013$o-$pE0.00$q-$rl$s- $t0$u0$v0$w0$x0$y.i10910256$z28-06-02 996 $aMemorie scelte$9925796 997 $aUNISALENTO 998 $ale013$b01-01-93$cm$da $e-$fita$git $h0$i1